| 000 | 01148nam2a22002531 4500 | ||
|---|---|---|---|
| 001 | RU\NLR\INFOCOMM20\5000110262 | ||
| 005 | 20250616233427.0 | ||
| 035 | _a(NLR Aleph) 002283090 | ||
| 090 |
_a4060675 _c4060675 |
||
| 100 | _a20050819d2003 |||y0rusy50 ca | ||
| 101 | 0 | _arus | |
| 102 | _aRU | ||
| 105 | _ay ||||000|y | ||
| 200 | 1 |
_aЦентральная Азия: проблемы регионального развития и геополитического окружения _fД. Трофимов |
|
| 210 |
_d2003 _aБ. м. |
||
| 461 | 0 |
_1001RU\NLR\INFOCOMM20\5000110250 _12001#$aАналитические записки$fИн-т прикл. междунар. исслед.$vТ.2, №6 _94101914 _aИнститут прикладных международных исследований (Москва)) _cМ. _d2003- _fИн-т прикл. междунар. исслед. _nИПМИ _tАналитические записки _vТ.2, №6 |
|
| 700 | 1 |
_aТрофимов _bД. _4070 |
|
| 801 | 1 |
_aRU _bInfoComm _c20050819 |
|
| 801 | 0 |
_aRU _bNLR _gPSBO |
|
| 852 |
_aNLR _jП23/5600 |
||
| 942 | _cISSUE | ||
| 980 | _aNB | ||
| 980 | _aRUSPER | ||